Signs of the Zodiac by Picture - Statistics

General Stats
  • This quiz has been taken 765 times
    503 since last reset
  • The average score is 8 of 12
Answer Stats
Picture Answer % Correct
Leo
89%
Gemini
87%
Cancer
86%
Scorpio
72%
Aries
70%
Taurus
69%
Libra
66%
Aquarius
64%
Pisces
61%
Capricorn
58%
Sagittarius
52%
Virgo
43%
No matching quizzes found
Score Distribution
Percent of People with Each Score
Percentile by Number Answered
Your Score History
You have not taken this quiz since the last reset